[Event "Eliminacje Makroregionalne do MPJ 2018 LU-PL - C11"]
[Site "Biardy"]
[Date "1899-12-30"]
[Round "1.1"]
[White "Paszkowski, Krystian"]
[Black "Chelstowski, Bartosz"]
[Result "1-0"]
[WhiteTitle "I"]
[BlackTitle "II"]
[WhiteElo "1685"]
[BlackElo "1082"]

1. c4 e5 2. g3 d6 3. Nc3 Nc6 4. Nf3 Be6 5. d4 exd4 6. Nxd4 Nxd4 7. Qxd4 Ne7 8.
Bg2 c6 9. O-O Nf5 10. Qd3 g6 11. e4 Ne7 12. Bg5 Bg7 13. Bxe7 Qxe7 14. f4 O-O 15.
Rae1 Rad8 16. b3 Qf6 17. Rc1 Qd4+ 18. Qxd4 Bxd4+ 19. Kh1 Rfe8 20. Rfd1 Bxc3 21.
Rxc3 Bg4 22. Rd4 c5 23. Rd2 Bc8 24. Rcd3 Re6 25. e5 b6 26. Rxd6 Rdxd6 27. Rxd6
Rxd6 28. exd6 Bd7 29. Bd5 Kf8 30. Kg2 Ke8 31. Kf3 f6 32. Bg8 h6 33. Ke4 Bc6+ 34.
Bd5 Bxd5+ 35. Kxd5 Kd7 36. g4 g5 37. f5 a6 38. a3 b5 39. Kxc5 bxc4 40. bxc4 a5
41. Kb6 Kxd6 42. c5+ Kd7 43. Kb7 a4 44. c6+ Kd6 45. c7 Ke5 46. c8=Q Kf4 47. Qe6
Kxg4 48. Qxf6 Kf4 49. Qxh6 Kxf5 50. Kc6 Kg4 51. Kd5 Kf4 52. h4 Kg4 53. Qxg5+ Kh3
54. h5 Kh2 55. h6 Kh3 56. h7 Kh2 57. h8=R# 1-0

[Event "Eliminacje Makroregionalne do MPJ 2018 LU-PL - C11"]
[Site "Biardy"]
[Date "1899-12-30"]
[Round "1.2"]
[White "Maliszewski, Stefan"]
[Black "Jarocki, Gabriel"]
[Result "0-1"]
[WhiteTitle "II"]
[BlackTitle "II"]
[WhiteElo "1047"]
[BlackElo "1383"]

1. e4 c6 2. d4 d5 3. exd5 cxd5 4. c4 Nc6 5. Nf3 Bg4 6. c5 Nf6 7. Nc3 g6 8. Be2
Bg7 9. O-O O-O 10. h3 Bxf3 11. Bxf3 e6 12. Be3 Rc8 13. Nb5 Ne8 14. Qd2 a6 15.
Nc3 Qd7 16. Rfd1 Nc7 17. Bh6 Nxd4 18. Bxg7 Nxf3+ 19. gxf3 Kxg7 20. Ne4 Qc6 21.
Nd6 Rb8 22. b4 Nb5 23. Nxb5 axb5 24. a3 Ra8 25. Rab1 Kg8 26. Qd3 Ra4 27. Rd2 Rfa8
28. Ra1 Rxb4 29. axb4 Rxa1+ 30. Kg2 Qa6 31. Kg3 Rg1+ 32. Kh2 Qa1 33. Qxb5 Rh1+
34. Kg3 Qe5+ 35. f4 Qe4 36. f3 Qe1+ 37. Rf2 Rg1+ 38. Kh4 Qxf2# 0-1

[Event "Eliminacje Makroregionalne do MPJ 2018 LU-PL - C11"]
[Site "Biardy"]
[Date "1899-12-30"]
[Round "1.3"]
[White "Borowik, Karol"]
[Black "Bartnik, Michal"]
[Result "1/2-1/2"]
[WhiteTitle "II"]
[BlackTitle "III"]
[WhiteElo "1302"]
[BlackElo "1044"]

1. d4 Nf6 2. c4 e6 3. Nf3 d5 4. Bg5 Be7 5. Nc3 O-O 6. e3 h6 7. Bf4 a6 8. cxd5 exd5
9. Be2 c6 10. Qc2 Be6 11. O-O Bd6 12. Bxd6 Qxd6 13. Qb3 Qc7 14. a4 Nbd7 15. Qc2
Rab8 16. Rfc1 Qd6 17. Na2 Rfc8 18. a5 Ne4 19. Bd3 Nef6 20. Nc3 c5 21. Bf5 Kh8
22. Bxe6 Qxe6 23. dxc5 Nxc5 24. Nd4 Qe7 25. Qf5 Rd8 26. Na4 Nxa4 27. Rxa4 Qd7
28. Qxd7 Rxd7 29. Rb4 Ne8 30. Kf1 Kg8 31. Rc6 Ra8 32. Rcb6 Ra7 33. Nb3 Rc7 34.
Rd4 Nf6 35. g4 Kh7 36. h4 Kg6 37. f4 Kh7 38. f5 h5 39. gxh5 Kh6 40. Rxd5 Kxh5
41. Rd4 Ng4 42. Ke2 Re7 43. Rd3 Rc7 44. Rb4 Rc2+ 45. Kf3 Ne5+ 46. Ke4 Nxd3 47.
Kxd3 Rxb2 48. Kc3 Rh2 49. Nc5 Rxh4 50. Rxb7 Rxb7 51. Nxb7 g5 52. fxg6 fxg6 53.
Nc5 g5 54. Nxa6 Ra4 55. Nc5 Rxa5 56. Ne4 Kh4 57. Kd2 g4 58. Ke2 g3 59. Kf3 Rf5+
60. Kg2 Re5 61. Nxg3 Rxe3 62. Nf5+ 1/2-1/2

[Event "Eliminacje Makroregionalne do MPJ 2018 LU-PL - C11"]
[Site "Biardy"]
[Date "1899-12-30"]
[Round "1.4"]
[White "Wasilewski, Stanislaw"]
[Black "Krol, Jan"]
[Result "0-1"]
[WhiteTitle "II"]
[BlackTitle "II"]
[WhiteElo "1022"]
[BlackElo "1300"]

1. c4 c5 2. g3 Nc6 3. Bg2 e6 4. Nf3 Nf6 5. O-O d5 6. b3 Be7 7. Bb2 d4 8. e3 e5
9. Qc2 h6 10. exd4 cxd4 11. d3 Bf5 12. Nbd2 Nb4 13. Qd1 Nxd3 14. Bc1 e4 15. Nh4
Bh7 16. Bh1 Rb8 17. Qe2 e3 18. fxe3 dxe3 19. Qxe3 O-O 20. Qe2 Bc5+ 21. Kg2 Re8
22. Qd1 Nxc1 23. Rxc1 Qe7 24. Re1 Qxe1 25. Qxe1 Rxe1 26. Rxe1 Bb4 27. Re2 Rd8
28. Nhf3 Bd3 29. Re1 Ne4 30. Rxe4 Bxe4 31. Nxe4 f5 32. Nf2 g5 33. h3 b6 34. Kf1
Bc5 35. Bg2 Kg7 36. g4 Kf6 37. Ke1 Rd6 38. Nd2 Bxf2+ 39. Kxf2 Rxd2+ 40. Kg3 Rxa2
41. gxf5 Kxf5 42. Bd5 Rb2 43. h4 Rxb3+ 44. Kg2 Rb2+ 45. Kg3 gxh4+ 46. Kxh4 h5
47. Bf7 a5 48. Bxh5 Rh2+ 49. Kg3 Rxh5 50. Kf3 Rh3+ 51. Ke2 a4 52. Kd2 a3 53. Kc2
a2 54. Kb2 Ra3 55. Ka1 Ke4 56. c5 bxc5 57. Kb2 a1=Q+ 58. Kc2 Qc3+ 59. Kb1 Ra1#
0-1

[Event "Eliminacje Makroregionalne do MPJ 2018 LU-PL - C11"]
[Site "Biardy"]
[Date "1899-12-30"]
[Round "1.5"]
[White "Ptaszynski, Szymon"]
[Black "Pryzmont, Hubert"]
[Result "1-0"]
[WhiteTitle "II"]
[BlackTitle "III"]
[WhiteElo "1284"]
[BlackElo "1022"]

1. c4 e5 2. g3 c6 3. Nf3 d6 4. Nc3 Nf6 5. d3 Be7 6. Bg2 O-O 7. O-O Be6 8. h3 Nbd7
9. b3 d5 10. e3 Nc5 11. d4 exd4 12. exd4 Nce4 13. Nxe4 Nxe4 14. c5 b6 15. b4 f6
16. a3 bxc5 17. dxc5 Qc8 18. Kh2 Ng5 19. Bxg5 fxg5 20. Nd4 Bf6 21. Nxe6 Qxe6 22.
Rb1 a6 23. a4 Rfd8 24. Qd2 Rab8 25. Rfd1 d4 26. Re1 Qd7 27. Qd3 Qb7 28. b5 axb5
29. axb5 Qf7 30. bxc6 1-0

[Event "Eliminacje Makroregionalne do MPJ 2018 LU-PL - C11"]
[Site "Biardy"]
[Date "1899-12-30"]
[Round "2.1"]
[White "Pieczulis, Hubert"]
[Black "Paszkowski, Krystian"]
[Result "0-1"]
[WhiteTitle "II"]
[BlackTitle "I"]
[WhiteElo "1246"]
[BlackElo "1685"]

1. d4 Nf6 2. Nf3 e6 3. c4 Bb4+ 4. Bd2 Bxd2+ 5. Qxd2 O-O 6. Nc3 d5 7. e3 b6 8. Rc1
Bb7 9. cxd5 exd5 10. Bd3 a6 11. O-O Nbd7 12. Rfd1 Ne4 13. Qc2 f5 14. Ne2 c6 15.
Ne5 Nxe5 16. dxe5 g6 17. f4 Qe7 18. Nc3 Nxc3 19. Qxc3 c5 20. Be2 Rfd8 21. Bf3
Qe6 22. b3 Rd7 23. Rd2 Rad8 24. Rcd1 g5 25. g3 gxf4 26. gxf4 Kh8 27. Kh1 Rc8 28.
Bg2 Rg8 29. Qc2 Rdg7 30. Bf3 d4 31. e4 fxe4 32. Bxe4 Qg6 33. Rg2 Bxe4 34. Qf2
Qxg2+ 35. Qxg2 Bxg2+ 36. Kg1 Bf3+ 37. Kf2 Bxd1 38. Ke1 Rg4 39. Kxd1 Rxf4 40. Kd2
Rf3 41. Kc2 Rg2+ 42. Kb1 Rf1# 0-1

[Event "Eliminacje Makroregionalne do MPJ 2018 LU-PL - C11"]
[Site "Biardy"]
[Date "1899-12-30"]
[Round "2.2"]
[White "Jarocki, Gabriel"]
[Black "Ptaszynski, Szymon"]
[Result "1-0"]
[WhiteTitle "II"]
[BlackTitle "II"]
[WhiteElo "1383"]
[BlackElo "1284"]

1. e4 c5 2. c4 e6 3. Nc3 a6 4. f4 d6 5. Nf3 Nd7 6. g3 b6 7. Bg2 Bb7 8. O-O Ngf6
9. d3 Be7 10. b3 Rb8 11. Bb2 O-O 12. Ne2 Qc7 13. Rc1 Rfe8 14. h3 Bf8 15. g4 g6
16. Qd2 Bg7 17. Ng3 Red8 18. f5 exf5 19. gxf5 Re8 20. Qf2 Ne5 21. Nxe5 dxe5 22.
Qe2 Rbd8 23. Rf2 Qd6 24. Bf1 Bh6 25. Rc3 Bf4 26. Qf3 Bxg3 27. Qxg3 Nh5 28. Qg4
Nf6 29. Qf3 Kg7 30. Bc1 Rd7 31. Qe3 Ng8 32. Qg5 Qe7 33. Qg3 Rd6 34. Rcc2 Rc6 35.
Rf3 h6 36. Rcf2 g5 37. h4 f6 38. Qg4 Qf7 39. Rh3 Rd6 40. Rfh2 h5 41. Qe2 g4 42.
Rg3 Kf8 43. Ba3 a5 44. Qe3 Qc7 45. Bc1 Ke7 46. a3 Rd7 47. Bd2 Qd6 48. Bc3 Kd8
49. Rb2 Rc7 50. b4 axb4 51. axb4 Kc8 52. bxc5 bxc5 53. Rgg2 Bc6 54. Rb1 Rb7 55.
Ra1 Rc7 56. Rga2 Bb7 1-0

[Event "Eliminacje Makroregionalne do MPJ 2018 LU-PL - C11"]
[Site "Biardy"]
[Date "1899-12-30"]
[Round "2.3"]
[White "Krol, Jan"]
[Black "Jurewicz, Igor"]
[Result "1-0"]
[WhiteTitle "II"]
[BlackTitle "II"]
[WhiteElo "1300"]
[BlackElo "1181"]

1. e4 c5 2. Nf3 e6 3. d4 cxd4 4. Nxd4 a6 5. c4 Nf6 6. Bd3 Be7 7. O-O O-O 8. Nc3
d6 9. Be3 b6 10. f3 Bb7 11. Qe2 Nbd7 12. Qf2 Rb8 13. h3 Qc7 14. b3 Rfc8 15. Qg3
Qd8 16. Rad1 Ne5 17. Bc2 Nh5 18. Qh2 Bh4 19. Bf2 Bg5 20. Nde2 Rc6 21. f4 Nxf4
22. Nxf4 Qf6 23. Bd4 Qh6 24. Nd3 Nxd3 25. Rxd3 e5 26. Bf2 Rcc8 27. Nd5 Bxd5 28.
Rxd5 Bf4 29. g3 Qg6 30. Qg2 Bg5 31. Rfd1 Be7 32. R1d2 Rc6 33. Bd1 Bg5 34. R2d3
f5 35. exf5 Qxf5 36. Bg4 Qg6 37. Bd7 e4 38. Bf5 Qf6 39. Qxe4 Rf8 40. Be6+ Kh8
41. Rf5 Qa1+ 42. Kg2 Rxf5 43. Qxf5 Bf6 44. Qd5 Rc7 45. Qxd6 h6 46. Qxc7 Bd4 47.
Qd8+ Kh7 48. Qg8+ Kg6 49. Qf7+ Kh7 50. Bf5+ Kh8 51. Qf8# 1-0

[Event "Eliminacje Makroregionalne do MPJ 2018 LU-PL - C11"]
[Site "Biardy"]
[Date "1899-12-30"]
[Round "2.4"]
[White "Chelstowski, Bartosz"]
[Black "Borowik, Karol"]
[Result "1-0"]
[WhiteTitle "II"]
[BlackTitle "II"]
[WhiteElo "1082"]
[BlackElo "1302"]

1. e4 c5 2. Nf3 Nc6 3. c3 d6 4. d4 cxd4 5. cxd4 g6 6. Bb5 Bd7 7. Nc3 Bg7 8. Be3
Nf6 9. O-O O-O 10. Qd2 a6 11. Bxc6 Bxc6 12. d5 Bd7 13. Rfe1 Ng4 14. h3 Nxe3 15.
Qxe3 Qa5 16. Nd4 b5 17. Nce2 Rfc8 18. Nb3 Qd8 19. Rab1 Qf8 20. Ned4 a5 21. Nf3
a4 22. Nbd4 Qe8 23. Rec1 e5 24. Ne2 f5 25. Nc3 b4 26. Ne2 fxe4 27. Nd2 Qf8 28.
Rxc8 Rxc8 29. Nxe4 Bb5 30. N2g3 Rb8 31. Rd1 Qe7 32. Qg5 Qxg5 33. Nxg5 Bc4 34.
a3 bxa3 35. bxa3 h6 1-0

[Event "Eliminacje Makroregionalne do MPJ 2018 LU-PL - C11"]
[Site "Biardy"]
[Date "1899-12-30"]
[Round "2.5"]
[White "Bartnik, Michal"]
[Black "Maliszewski, Stefan"]
[Result "1/2-1/2"]
[WhiteTitle "III"]
[BlackTitle "II"]
[WhiteElo "1044"]
[BlackElo "1047"]

1. e4 c6 2. d4 d5 3. exd5 cxd5 4. Bd3 Nc6 5. Nf3 Bg4 6. Be2 Nf6 7. Nc3 e6 8. a3
Bd6 9. Be3 O-O 10. O-O e5 11. dxe5 Nxe5 12. Nxe5 Bxe2 13. Nxe2 Bxe5 14. Bd4 Bd6
15. c3 Re8 16. Re1 Qc7 17. h3 Be5 18. Bxe5 Rxe5 19. Nd4 Rxe1+ 20. Qxe1 Qb6 21.
Rb1 Re8 22. Qd1 h6 23. Qc2 Ne4 24. Qd1 Ng5 25. Qd2 Ne6 26. Nxe6 Qxe6 27. Kf1 Qa6+
28. Kg1 Qe6 29. Kf1 Qa6+ 30. Kg1 Qe6 31. Kf1 Qa6+ 1/2-1/2

[Event "Eliminacje Makroregionalne do MPJ 2018 LU-PL - C11"]
[Site "Biardy"]
[Date "1899-12-30"]
[Round "3.1"]
[White "Paszkowski, Krystian"]
[Black "Jarocki, Gabriel"]
[Result "1-0"]
[WhiteTitle "I"]
[BlackTitle "II"]
[WhiteElo "1685"]
[BlackElo "1383"]

1. c4 e5 2. g3 Nc6 3. Nc3 f5 4. Bg2 Nf6 5. e3 g6 6. d3 Bg7 7. Nge2 O-O 8. O-O Ne7
9. e4 d6 10. h3 c6 11. Bg5 h6 12. Bxf6 Bxf6 13. exf5 Nxf5 14. Qd2 Bg7 15. Kh2
Be6 16. Rae1 Qd7 17. f4 Rae8 18. Ne4 b6 19. fxe5 dxe5 20. g4 Nd4 21. Nxd4 exd4
22. g5 Qc7+ 23. Kh1 Qd8 24. gxh6 Bh8 25. Rxf8+ Rxf8 26. Qg5 Qxg5 27. Nxg5 Bf5
28. Bxc6 Bf6 29. Bd5+ Kh8 30. Ne4 Kh7 31. Nxf6+ Rxf6 32. Kg2 Kxh6 33. Be4 Bd7
34. Kg3 Kg5 35. Bf3 Bf5 36. Re5 Kh6 37. Be4 Be6 38. Bf3 Bf5 39. Be2 a5 40. h4
a4 41. b3 axb3 42. axb3 Kg7 43. b4 Kf7 44. c5 bxc5 45. bxc5 Kf8 46. Rd5 Re6 47.
Kf2 Ke7 48. Rxd4 Rc6 49. Rc4 Ke6 50. Rc3 Ke5 51. Bf3 Rc7 52. Ke3 Bd7 53. d4+ Ke6
54. Bg4+ Kd5 55. Bxd7 Rxd7 56. c6 Rc7 57. Rc5+ Ke6 58. Kf4 Kd6 59. Kg5 1-0

[Event "Eliminacje Makroregionalne do MPJ 2018 LU-PL - C11"]
[Site "Biardy"]
[Date "1899-12-30"]
[Round "3.2"]
[White "Ptaszynski, Szymon"]
[Black "Krol, Jan"]
[Result "0-1"]
[WhiteTitle "II"]
[BlackTitle "II"]
[WhiteElo "1284"]
[BlackElo "1300"]

1. c4 e5 2. g3 Nc6 3. Nc3 Nf6 4. Bg2 d6 5. e3 g6 6. Nge2 Bg7 7. O-O O-O 8. d3 Be6
9. h3 Qd7 10. Kh2 d5 11. cxd5 Nxd5 12. Nxd5 Bxd5 13. Bxd5 Qxd5 14. Nc3 Qd7 15.
f4 Rad8 16. e4 exf4 17. Bxf4 Qxd3 18. Bxc7 Qd2+ 19. Kh1 Qxb2 20. Bxd8 Rxd8 21.
Qc1 Qxc3 22. Qxc3 Bxc3 23. Rab1 Rd7 24. Kg2 Be5 25. Rfd1 Nd4 26. Rb5 f6 27. Rb4
Kg7 28. Rc4 Kh6 29. Rb4 Rc7 30. Rbxd4 Bxd4 31. Rxd4 Rc2+ 32. Kf3 Rxa2 33. Rd6
Ra3+ 34. Kg4 Ra6 35. Rd5 Re6 36. Kf4 a6 37. g4 Re7 38. h4 Kg7 39. Rd6 h6 40. Rb6
g5+ 41. hxg5 hxg5+ 42. Ke3 Rd7 43. Ke2 Kf7 44. Ke3 Re7 45. Kd4 Kg6 46. Ke3 Kf7
47. Kd4 Rd7+ 48. Ke3 Kg7 49. Ke2 Kf7 50. Ke3 Ke7 51. Ke2 Rd6 52. Rxb7+ Ke6 53.
Rb4 Ke5 54. Ke3 Rd1 55. Ra4 Rd6 56. Ra5+ Ke6 57. Ke2 Kd7 58. Ra1 Kc7 59. Rb1 a5
60. Ke3 Rb6 61. Rc1+ Kb7 62. Kd4 Ka6 63. Kd5 a4 64. Kc5 Ka5 65. Re1 Re6 66. Re3
Rb6 67. Re1 Rb5+ 68. Kc4 a3 69. Kc3 Ka4 70. Kc2 a2 71. Rd1 0-1

[Event "Eliminacje Makroregionalne do MPJ 2018 LU-PL - C11"]
[Site "Biardy"]
[Date "1899-12-30"]
[Round "3.3"]
[White "Jurewicz, Igor"]
[Black "Pieczulis, Hubert"]
[Result "0-1"]
[WhiteTitle "II"]
[BlackTitle "II"]
[WhiteElo "1181"]
[BlackElo "1246"]

1. d4 Nf6 2. c4 g6 3. Nf3 Bg7 4. Bf4 d6 5. e3 O-O 6. Bd3 Nbd7 7. Nc3 c6 8. O-O
Re8 9. Qe2 h6 10. Nd2 e5 11. dxe5 dxe5 12. Bg3 Nc5 13. Bc2 Nh5 14. Rfd1 Nxg3 15.
hxg3 Qe7 16. Nf3 Bg4 17. b4 e4 18. bxc5 Bxc3 19. Rac1 exf3 20. gxf3 Be6 21. Bxg6
fxg6 22. Rxc3 Qxc5 23. Qd3 Bf7 24. Rb1 Rad8 25. Qe2 b5 26. Kg2 bxc4 27. Rh1 h5
28. Qb2 Rd7 29. Rhc1 Red8 30. R1c2 Rd3 31. Rxd3 Rxd3 32. Qb8+ Kg7 33. Qb2+ c3
34. Qb1 a5 35. a4 Qa3 36. Kf1 Bb3 37. Ra2 Qxa2 38. Qxd3 Bc4 39. Kg2 Bxd3 40. e4
Qe2 41. e5 c2 42. e6 c1=R 43. g4 h4 44. f4 Qxg4+ 45. Kh2 Be4 46. f3 Bxf3 47. e7
Rh1# 0-1

[Event "Eliminacje Makroregionalne do MPJ 2018 LU-PL - C11"]
[Site "Biardy"]
[Date "1899-12-30"]
[Round "3.5"]
[White "Wasilewski, Stanislaw"]
[Black "Chelstowski, Bartosz"]
[Result "1/2-1/2"]
[WhiteTitle "II"]
[BlackTitle "II"]
[WhiteElo "1022"]
[BlackElo "1082"]

1. Nf3 e6 2. c4 Nf6 3. d4 d5 4. Nc3 Bb4 5. Qa4+ Nc6 6. Ne5 Bxc3+ 7. bxc3 Bd7 8.
Nxc6 Bxc6 9. Qb3 O-O 10. e3 dxc4 11. Qxc4 Qd5 12. Ba3 Rfe8 13. Qxd5 Nxd5 14. c4
Nb6 15. f3 Rad8 16. Bd3 Nc8 17. O-O b6 18. Rab1 Ne7 19. Rfe1 Rb8 20. e4 Ng6 21.
d5 exd5 22. cxd5 Bb7 23. Bb5 Red8 24. Rec1 a6 25. Bf1 Rdc8 26. Rc2 Ne5 27. Rbc1
c5 28. dxc6 Rxc6 29. Rxc6 Nxc6 30. Bxa6 Bxa6 31. Rxc6 h6 32. Bc5 bxc5 33. Rxa6
Rb1+ 34. Kf2 Rb2+ 35. Kg3 c4 36. Rc6 Rxa2 37. Rxc4 Kh7 38. Rc7 Kg6 39. f4 Re2
40. e5 1/2-1/2

[Event "Eliminacje Makroregionalne do MPJ 2018 LU-PL - C11"]
[Site "Biardy"]
[Date "1899-12-30"]
[Round "3.7"]
[White "Maliszewski, Stefan"]
[Black "Pryzmont, Hubert"]
[Result "1/2-1/2"]
[WhiteTitle "II"]
[BlackTitle "III"]
[WhiteElo "1047"]
[BlackElo "1022"]

1. e4 e5 2. Nf3 Nc6 3. d4 exd4 4. Nxd4 d5 5. Nc3 dxe4 6. Nxc6 Qxd1+ 7. Kxd1 bxc6
8. Nxe4 Bf5 9. Ng5 O-O-O 10. Bd2 Bg6 11. Bd3 f6 12. Ne6 Re8 13. Nxf8 Rxf8 14.
Bxg6 hxg6 15. c3 Ne7 16. Kc2 Rd8 17. Rae1 Nd5 18. c4 Nb6 19. b3 Nd7 20. Be3 Kb7
21. g3 g5 22. Rd1 Ne5 23. Rxd8 Rxd8 24. Rd1 Rh8 25. Rh1 Nf3 26. h3 g4 27. h4 a6
28. Rd1 Ne5 29. Bf4 Re8 30. Bxe5 Rxe5 31. Rd7 g5 32. h5 Re8 33. Rf7 Rh8 34. Rxf6
Rxh5 35. Kd3 Rh1 36. Rf5 Re1 37. Kc3 Rf1 38. a4 Kb6 39. Rxg5 Rxf2 40. Rxg4 Rf3+
41. Kb2 Kc5 42. Ka3 Re3 43. Rg8 Rf3 44. g4 Rg3 45. g5 Kd4 46. Rc8 Rxg5 47. Rxc7
Kc5 1/2-1/2

[Event "Eliminacje Makroregionalne do MPJ 2018 LU-PL - C11"]
[Site "Biardy"]
[Date "1899-12-30"]
[Round "4.1"]
[White "Krol, Jan"]
[Black "Paszkowski, Krystian"]
[Result "1/2-1/2"]
[WhiteTitle "II"]
[BlackTitle "I"]
[WhiteElo "1300"]
[BlackElo "1685"]

1. e4 c5 2. Nf3 e6 3. d4 cxd4 4. Nxd4 a6 5. c4 Nf6 6. Bd3 d6 7. Be3 Nc6 8. a3 Ne5
9. f3 Nxd3+ 10. Qxd3 Be7 11. O-O O-O 12. Nd2 e5 13. Nf5 Bxf5 14. exf5 d5 15. Rfe1
d4 16. Bf2 Qc7 17. Ne4 Nxe4 18. Rxe4 Bd6 19. f6 g6 20. Qd2 Qd8 21. Bh4 Re8 22.
Rae1 Qc7 23. Bg5 Re6 24. Rc1 h6 25. Bxh6 Rxf6 26. Rh4 Rf5 27. Bg5 Rxg5 28. Qxg5
Be7 29. Qg4 Bxh4 30. Qxh4 Kg7 31. Qe4 Rd8 32. Qd3 Qc6 33. Re1 1/2-1/2

[Event "Eliminacje Makroregionalne do MPJ 2018 LU-PL - C11"]
[Site "Biardy"]
[Date "1899-12-30"]
[Round "4.2"]
[White "Jarocki, Gabriel"]
[Black "Bartnik, Michal"]
[Result "1-0"]
[WhiteTitle "II"]
[BlackTitle "III"]
[WhiteElo "1383"]
[BlackElo "1044"]

1. e4 c5 2. c4 Nc6 3. f4 g6 4. Nc3 Bg7 5. Nf3 d6 6. g3 e6 7. Bg2 Nge7 8. d3 O-O
9. O-O a6 10. Ne2 Nd4 11. Nfxd4 cxd4 12. b3 e5 13. Ba3 f5 14. fxe5 dxe5 15. Qd2
h6 16. Rf2 Rb8 17. Raf1 Be6 18. Qb4 Rf7 19. Qd6 Qxd6 20. Bxd6 Rd8 21. Bxe7 Rxe7
22. exf5 Bxf5 23. Be4 Bxe4 24. dxe4 h5 25. Rd1 Red7 26. Rf3 Bh8 27. Nc1 Bg7 28.
Nd3 Rc7 29. Rdf1 Re8 30. Kg2 Rd8 31. Kh3 Rdd7 32. Kh4 Rd6 33. Kg5 Re7 34. c5 Rc6
35. b4 Rd7 36. a4 Re6 37. b5 axb5 38. axb5 b6 39. c6 Rc7 40. Nb4 Rd6 41. Nd5 Ra7
42. c7 Ra8 43. Rc1 Rc8 44. Ne7+ Kh7 45. Nxc8 Bh6+ 46. Kh4 g5+ 47. Kxh5 Re6 48.
Rf7+ Kg8 49. Nd6 Rxd6 50. c8=Q+ Kxf7 51. Rc7+ Rd7 52. Qxd7+ Kf6 53. Qf7# 1-0

[Event "Eliminacje Makroregionalne do MPJ 2018 LU-PL - C11"]
[Site "Biardy"]
[Date "1899-12-30"]
[Round "4.3"]
[White "Pieczulis, Hubert"]
[Black "Chelstowski, Bartosz"]
[Result "1-0"]
[WhiteTitle "II"]
[BlackTitle "II"]
[WhiteElo "1246"]
[BlackElo "1082"]

1. d4 Nf6 2. Nf3 b6 3. e3 Bb7 4. Bd3 e6 5. c4 d5 6. Nc3 c5 7. dxc5 Bxc5 8. Qe2
Nc6 9. a3 a5 10. cxd5 exd5 11. O-O O-O 12. Rd1 Re8 13. Na4 Qe7 14. Nxc5 bxc5 15.
Qc2 c4 16. Bf1 Rad8 17. Bd2 Qe4 18. Qc1 a4 19. Bc3 Qe7 20. Qc2 h6 21. Qxa4 Ne4
22. Qc2 Qc5 23. Bd4 Nxd4 24. Rxd4 Qb6 25. h3 Nc5 26. Re1 Nb3 27. Rdd1 Ba6 28.
Nd2 Nc5 29. Nb1 Qb3 30. Qxb3 Nxb3 31. Nc3 d4 32. exd4 Rxe1 33. Rxe1 Rxd4 34. Rd1
Kf8 35. Rxd4 Nxd4 36. Nd5 Nc6 37. Ne3 Ne5 38. f4 Nd3 39. Bxd3 cxd3 40. Kf2 Ke7
41. a4 g6 42. b4 Kd6 43. Ke1 Bb7 44. Kd2 Be4 45. g3 h5 46. h4 f6 47. Nd1 Bf5 48.
Kc3 Kc6 49. Nf2 Kb6 50. Nxd3 Bxd3 51. Kxd3 Kc6 52. Kd4 Kd6 53. b5 Kc7 54. Kc5
Kb7 55. Kd6 Kb6 56. Ke6 f5 57. Kd6 Kb7 58. a5 Ka7 59. Kc7 Ka8 60. b6 g5 61. b7+
Ka7 62. b8=Q+ Ka6 63. Qb6# 1-0

[Event "Eliminacje Makroregionalne do MPJ 2018 LU-PL - C11"]
[Site "Biardy"]
[Date "1899-12-30"]
[Round "4.5"]
[White "Maliszewski, Stefan"]
[Black "Ptaszynski, Szymon"]
[Result "0-1"]
[WhiteTitle "II"]
[BlackTitle "II"]
[WhiteElo "1047"]
[BlackElo "1284"]

1. e4 c5 2. Nf3 e6 3. c3 a6 4. d4 cxd4 5. cxd4 Nf6 6. Nc3 Bb4 7. Bd3 d6 8. O-O
Ba5 9. Be3 b5 10. a3 Bb7 11. b4 Bc7 12. Rc1 Nbd7 13. Qd2 Rc8 14. Ne1 Nb6 15. f4
Bb8 16. Nf3 Nc4 17. Qe2 O-O 18. Nb1 Nb6 19. Rxc8 Qxc8 20. Nbd2 Na4 21. Nb1 Bxe4
22. Rc1 Qd7 23. Ng5 Bxd3 24. Qxd3 h6 25. Nf3 Nb2 26. Qc2 Nc4 27. Qd3 Nd5 28. Bd2
Rc8 29. Rf1 Ne7 30. Nh4 f5 31. Qg3 Ba7 32. Bc3 Rf8 33. Kh1 Rf7 34. Ng6 Nxg6 35.
Qxg6 Rf6 36. Qh5 Qf7 37. Qh3 Rg6 38. Rf3 Nb6 39. Ba1 Nd5 40. Rf1 Qc7 41. Nc3 Qc4
42. Re1 Nxf4 43. Qf3 Nd5 44. Nxd5 Qxd5 45. Qf2 Rg4 46. h3 Re4 47. Rxe4 Qxe4 48.
Bb2 e5 49. Qd2 Bxd4 50. Bxd4 exd4 51. Qa2+ Kh7 52. Qd2 Kg6 53. Kg1 Qe3+ 54. Qxe3
dxe3 55. Kf1 d5 56. Ke2 d4 0-1

[Event "Eliminacje Makroregionalne do MPJ 2018 LU-PL - C11"]
[Site "Biardy"]
[Date "1899-12-30"]
[Round "4.6"]
[White "Wasilewski, Stanislaw"]
[Black "Jurewicz, Igor"]
[Result "1-0"]
[WhiteTitle "II"]
[BlackTitle "II"]
[WhiteElo "1022"]
[BlackElo "1181"]

1. c4 c5 2. g3 g6 3. Bg2 Bg7 4. Nf3 Nf6 5. O-O O-O 6. Nc3 d6 7. d4 cxd4 8. Nxd4
Nbd7 9. Rb1 Rb8 10. e4 b6 11. f4 Bb7 12. Re1 Qc7 13. b3 a6 14. Bb2 e6 15. Qd2
Rfd8 16. Rbd1 Nc5 17. Nc2 Bc6 18. Nd4 Bb7 19. Qe2 e5 20. fxe5 dxe5 21. Nc2 Bc6
22. Nb4 Bb7 23. Ncd5 Nxd5 24. Nxd5 Bxd5 25. exd5 Re8 26. d6 Qd7 27. Bd5 e4 28.
Bxg7 Kxg7 29. Qb2+ Kg8 30. Qg2 Qxd6 31. Bxf7+ Kxf7 32. Rxd6 Kg8 33. Qf2 Nd3 34.
Rxd3 exd3 35. Rxe8+ Rxe8 36. Qd4 Re1+ 37. Kg2 Re2+ 38. Kh3 d2 39. c5 Kf8 40. cxb6
g5 41. b7 g4+ 42. Kxg4 Re4+ 43. Qxe4 d1=Q+ 44. Qf3+ Qxf3+ 45. Kxf3 Ke7 46. b8=Q
1-0

[Event "Eliminacje Makroregionalne do MPJ 2018 LU-PL - C11"]
[Site "Biardy"]
[Date "1899-12-30"]
[Round "4.7"]
[White "Pryzmont, Hubert"]
[Black "Borowik, Karol"]
[Result "0-1"]
[WhiteTitle "III"]
[BlackTitle "II"]
[WhiteElo "1022"]
[BlackElo "1302"]

1. e4 c5 2. Nf3 Nc6 3. d4 cxd4 4. Nxd4 d6 5. Nc3 g6 6. Bc4 Bg7 7. Be3 Nf6 8. O-O
O-O 9. Re1 Bd7 10. Qd2 a6 11. Rad1 Rc8 12. Nf3 Nh5 13. Bh6 Bg4 14. Be2 Qa5 15.
Bxg7 Nxg7 16. h3 Bxf3 17. Bxf3 Ne5 18. Bg4 Nxg4 19. hxg4 Rfe8 20. a3 Ne6 21. Nd5
Qb5 22. b3 Qc5 23. Nb4 a5 24. Nd5 Qxc2 25. Qxc2 Rxc2 26. Rc1 Rxc1 27. Rxc1 Nc5
28. b4 axb4 29. axb4 Nxe4 30. Rc7 e6 31. Ne3 Rb8 32. Nc4 d5 33. f3 Nf6 34. Ne5
Rf8 35. Rxb7 h5 36. g5 Nh7 37. f4 f6 38. Nxg6 Rf7 39. Rb8+ Kg7 40. Nh4 fxg5 41.
fxg5 Nxg5 42. b5 Ne4 43. Nf3 Nd6 44. b6 Rb7 45. Rxb7+ Nxb7 46. Kf2 Kf6 47. Ke3
e5 48. g3 Nd6 49. Nh4 Nc4+ 50. Kd3 Nxb6 51. Nf3 0-1

[Event "Eliminacje Makroregionalne do MPJ 2018 LU-PL - C11"]
[Site "Biardy"]
[Date "1899-12-30"]
[Round "5.1"]
[White "Pieczulis, Hubert"]
[Black "Krol, Jan"]
[Result "0-1"]
[WhiteTitle "II"]
[BlackTitle "II"]
[WhiteElo "1246"]
[BlackElo "1300"]

1. d4 Nf6 2. Nf3 b6 3. c4 e6 4. a3 Bb7 5. Nc3 g6 6. Bg5 Bg7 7. e3 h6 8. Bh4 d6
9. Be2 Nbd7 10. O-O g5 11. Bg3 Ne4 12. Nxe4 Bxe4 13. Nd2 Bg6 14. Qb3 h5 15. f3
Qe7 16. Bd3 f5 17. Bf2 g4 18. f4 Nf6 19. Qb5+ Qd7 20. Qxd7+ Kxd7 21. g3 Ne4 22.
Bxe4 fxe4 23. Rab1 c5 24. dxc5 bxc5 25. Rfd1 a5 26. a4 Rab8 27. b3 Kc6 28. Rbc1
d5 29. cxd5+ exd5 30. Rc2 Rhc8 31. Kf1 Kb6 32. Nb1 Rd8 33. Na3 Kc6 34. Nb5 Rxb5
35. axb5+ Kxb5 36. Rcd2 Bf7 37. Be1 d4 38. Rb1 Ra8 39. Bf2 d3 40. Be1 Bc3 41.
Rdd1 Bxe1 42. Kxe1 Kb4 43. Kd2 Bxb3 44. Rdc1 c4 45. Rc3 a4 46. Ra1 a3 47. f5 a2
48. f6 Rf8 49. Rf1 Rxf6 50. Rxf6 a1=Q 51. Rb6+ Ka5 52. Rbxb3 cxb3 53. Rxb3 Qa2+
54. Kc1 Qxb3 55. Kd2 Qc2+ 56. Ke1 Qe2# 0-1

[Event "Eliminacje Makroregionalne do MPJ 2018 LU-PL - C11"]
[Site "Biardy"]
[Date "1899-12-30"]
[Round "5.2"]
[White "Bartnik, Michal"]
[Black "Paszkowski, Krystian"]
[Result "0-1"]
[WhiteTitle "III"]
[BlackTitle "I"]
[WhiteElo "1044"]
[BlackElo "1685"]

1. e4 c5 2. Nf3 e6 3. c4 Nc6 4. d4 cxd4 5. Nxd4 Nf6 6. Nc3 Bb4 7. Nxc6 bxc6 8.
Bd3 Bxc3+ 9. bxc3 Qa5 10. Bd2 O-O 11. O-O Ba6 12. Qe2 d6 13. Rfc1 Nd7 14. Bf4
e5 15. Be3 Nc5 16. Bxc5 Qxc5 17. Rab1 Rab8 18. Rxb8 Rxb8 19. h3 h6 20. Rc2 Qa3
21. Qe3 c5 22. Qe2 Bc8 23. Qe3 Bd7 24. Qe1 Ba4 25. Qc1 Qxc1+ 26. Rxc1 Rb2 27.
Bb1 Kf8 28. Kf1 Bd7 29. f3 Be6 30. Bd3 Rxa2 31. Rb1 Ra4 32. Rb7 Bxc4 33. Bxc4
Rxc4 34. Rxa7 Rxc3 35. Rd7 Rd3 36. Ke2 Rd4 37. Rc7 Rb4 38. Rd7 Rb6 39. Rc7 Rb2+
40. Kf1 Ke8 41. Kg1 Rc2 42. Ra7 c4 43. Ra1 Ke7 44. Kf1 Ke6 45. Re1 c3 46. Re2
Rxe2 47. Kxe2 d5 48. exd5+ Kxd5 49. Kd3 e4+ 50. Kxc3 exf3 51. gxf3 Ke5 52. Kd3
Kf4 53. Ke2 Kg3 54. h4 Kxh4 55. Kf2 f5 56. Kg2 g5 57. Kh2 f4 58. Kg2 g4 59. fxg4
Kxg4 60. Kf2 h5 61. Kg2 h4 62. Kf2 h3 63. Kg1 Kf3 64. Kh2 Ke2 65. Kxh3 f3 66.
Kg4 f2 67. Kf5 f1=Q+ 68. Ke5 Qh3 69. Kd4 Qe3+ 70. Kd5 Qf4 71. Ke6 Qg5 72. Kd6
Kd3 73. Ke6 Ke4 74. Kd6 Qd5+ 75. Kc7 Qe6 76. Kb7 Qd6 77. Ka7 Qb4 78. Ka6 Kd5 79.
Ka7 Kc6 80. Ka8 Qb7# 0-1